Name the Villain by Thier Death - Statistics

General Stats
  • This quiz has been taken 37 times
  • The average score is 7 of 16
Answer Stats
Picture Answer % Correct
Joker
94%
Voldemort
94%
Gollum
88%
Green Goblin
64%
Hans Gruber
64%
Jack Torrance
61%
The Thing
39%
Jim Moriarty
36%
General Grievous
33%
Arnold Toht
24%
Auric Goldfinger
24%
Dr. No
21%
Jason Voorhees
18%
René Belloq
18%
Walter Donovan
18%
SkekSo/Emperor
9%
No matching quizzes found
Score Distribution
Percent of People with Each Score
Percentile by Number Answered
Your Score History
You have not taken this quiz